书目信息 |
| 题名: |
美肤保养
|
|
| 作者: | 吴敏绮 | |
| 分册: | ||
| 出版信息: | 台北 上旗文化实业股份有限公司 2001 |
|
| 页数: | 219 | |
| 开本: | 20cm | |
| 丛书名: | ||
| 单 册: | ||
| 中图分类: | Q785 | |
| 科图分类: | ||
| 主题词: | 遗传工程 | |
| 电子资源: | ||
| ISBN: | 957-8280-55-6 | |
| 000 | 00508nam0 2200181 450 | |
| 001 | 0729297901 | |
| 005 | 20071003080817.90 | |
| 010 | @a957-8280-55-6@d¥88.00 | |
| 100 | @a20071003d km y0chiy0120 ea | |
| 101 | 0 | @achi |
| 200 | 1 | @a美肤保养@Amei fu bao yang@f吴敏绮@Fwu min qi |
| 210 | @a台北@c上旗文化实业股份有限公司@d2001 | |
| 215 | @a219@d20cm | |
| 606 | 0 | @a遗传工程 |
| 690 | @aQ785@v4 | |
| 701 | 0 | @a吴敏绮@Awu min qi |
| 801 | 0 | @aCN@b大连网信软件有限公司图书馆·11@c20071003 |
| 905 | @a213230@dQ785@eM2 | |
| 美肤保养/吴敏绮.-台北:上旗文化实业股份有限公司,2001 |
| 219;20cm |
| ISBN 957-8280-55-6:¥88.00 |
| ● |
| 相关链接 |
|
|
|
|
正题名:美肤保养
索取号:Q785/M2
 
预约/预借
| 序号 | 登录号 | 条形码 | 馆藏地/架位号 | 状态 | 备注 |
| 1 | 6401132 | 264011321 | 密集书库-美术系/ [索取号:Q785/M2] | 在馆 |